Quiz sull'Italia - Statistics

Statistiche generali
  • Questo quiz è stato fatto 717 volte
  • Il punteggio medio è 31 su 35
Statistiche sulle risposte
DOMANDA RISPOSTA % Corretto
Capitale Roma
100%
Le 3 città più grandi Roma
100%
Valuta Euro
99%
Milano
98%
Capoluogo della moda Milano
98%
Francia
97%
Austria
96%
Regione più popolata Lombardia
96%
Fiume più lungo Po
96%
Svizzera
96%
Numero delle regioni 20
95%
Quali mari bagnano l'Italia Mar Adriatico
95%
Cibo più mangiato e famoso Pizza
95%
Prima capitale Italiana Torino
95%
Catene montuose Alpi
94%
Slovenia
94%
Codice nazionale (due lettere) IT
93%
Monte più alto Monte Bianco
93%
Regione più grande Sicilia
93%
Regione più piccola Valle d'Aosta
93%
Mar Ionio
92%
Mar Tirreno
92%
Napoli
92%
Mar Mediterraneo
91%
Confini San Marino
91%
Appennini
90%
Pianura più grande Pianura Padana
89%
Massimo campionato di calcio Serie a
84%
Vaticano
84%
Mar Ligure
83%
Il primo e l'ultimo re di Roma Romolo
83%
Anno di passaggio dalla monarchiaalla repubblica 1946
80%
Filosofo, astronomo e fisico pisano Galileo Galilei
73%
Tarquinio il Superbo
53%
Numero di dialetti parlati 29
41%
Nessun quiz corrispondente trovato
Distribuzione punteggi
Percentuale di utenti per punteggio
Percentile per numero di risposta
I tuoi punteggi nel tempo
Non hai fatto questo quiz